[Event "Pic d'Anie op 1st"]
[Site "Arette"]
[Date "2004.08.??"]
[Round "3"]
[White "Bridier, Julien"]
[Black "Guignier, Nicolas"]
[Result "1/2-1/2"]
[WhiteElo "1850"]
[BlackElo "2106"]
[PlyCount "94"]
[EventDate "2004.08.??"]
[EventType "swiss"]
[EventRounds "7"]
[EventCountry "FRA"]
[SourceTitle "EXT 2007"]
[Source "ChessBase"]
[SourceDate "2006.11.23"]
[SourceVersion "1"]
[SourceVersionDate "2006.11.23"]
[SourceQuality "1"]

1. e4 c5 2. Nc3 Nc6 3. g3 g6 4. Bg2 Bg7 5. d3 e6 6. Be3 d6 7. Qd2 Nd4 8. f4 Ne7 9. Nf3 Nec6 10. Rb1 Rb8 11. Ne2 Nxe2 12. Qxe2 Qa5+ 13. c3 Qxa2 14. Qc2 Qa5 15. 0-0 Bd7 16. Nh4 Qd8 17. Qd2 Bf6 18. Nf3 Be7 19. Rf2 a5 20. Rbf1 f5 21. exf5 exf5 22. d4 a4 23. dxc5 dxc5 24. Re1 Be6 25. Ng5 Bxg5 26. fxg5 Qxd2 27. Rxd2 Kf7 28. Bxc5 Rbd8 29. Red1 Rxd2 30. Rxd2 Rd8 31. Rxd8 Nxd8 32. Kf2 Bc4 33. Bb6 Nc6 34. Bxc6 bxc6 35. Bc5 Ke6 36. Ke3 Kd5 37. Ba3 c5 38. Kf4 Bf1 39. Ke3 Bh3 40. Kf2 c4 41. Ke3 Ke5 42. Bb4 Bg4 43. Ba3 Bd1 44. Bb4 Bb3 45. Ba3 f4+ 46. gxf4+ Kf5 47. Bd6 Ke6 1/2-1/2

[Event "Pic d'Anie op 1st"]
[Site "Arette"]
[Date "2004.08.??"]
[Round "1"]
[White "Vilaisarn, Akkhavanh"]
[Black "Bridier, Julien"]
[Result "1-0"]
[WhiteElo "2182"]
[BlackElo "1850"]
[PlyCount "79"]
[EventDate "2004.08.??"]
[EventType "swiss"]
[EventRounds "7"]
[EventCountry "FRA"]
[SourceTitle "EXT 2007"]
[Source "ChessBase"]
[SourceDate "2006.11.23"]
[SourceVersion "1"]
[SourceVersionDate "2006.11.23"]
[SourceQuality "1"]

1. d4 d5 2. Nf3 Nf6 3. g3 Bf5 4. Bg2 e6 5. 0-0 Be7 6. c4 c6 7. Nc3 Nbd7 8. b3 0-0 9. Bb2 Rc8 10. Rc1 b6 11. h3 h6 12. Kh2 dxc4 13. bxc4 c5 14. d5 exd5 15. cxd5 Re8 16. Nd2 Bd6 17. e4 Bh7 18. f4 Bb8 19. e5 Nxe5 20. fxe5 Bxe5 21. Nc4 Bd4 22. Nb5 Bxb2 23. Nxb2 Be4 24. Nc3 Bxg2 25. Kxg2 Re5 26. d6 Rc6 27. Nc4 Re6 28. Qf3 Qd7 29. Rce1 Rc8 30. a4 Rce8 31. Rxe6 Rxe6 32. Rf2 Ne8 33. Nb5 Rf6 34. Qe4 Rxf2+ 35. Kxf2 Qc8 36. Qg4 Qb8 37. Qf4 Qb7 38. Qf3 Qd7 39. Ne5 Qe6 40. d7 1-0